| 000 | 00572nam a2200217Ia 4500 | ||
|---|---|---|---|
| 008 | 140626s9999 xx 000 0 und d | ||
| 100 | _aShin, Cheong Kah. | ||
| 245 |
_aSocial media and e-engagement : _b the Singapore case / _cCheong Kah Shin. |
||
| 260 | _cc2013. | ||
| 300 | _a40 : 1, page 21 | ||
| 440 | _aMedia Asia | ||
| 521 | _aMC | ||
| 650 | _aCommunication. | ||
| 650 | _aE-engagement. | ||
| 650 | _aInternet. | ||
| 650 | _aMedia research. | ||
| 650 | _aPromotional communication. | ||
| 650 | _aSingapore. | ||
| 650 | _aSocial media. | ||
| 942 | _cSE | ||
| 999 |
_c121184 _d121184 |
||